| 000 | 00492nam a2200181Ia 4500 | ||
|---|---|---|---|
| 001 | 18973 | ||
| 005 | 20260306171709.0 | ||
| 008 | 260306s9999||||xx |||||||||||||| ||und|| | ||
| 041 | _aESP | ||
| 082 |
_a658.575 _bS29 2009 |
||
| 100 |
_aSchnarch Kirberg, Alejandro _eAUT |
||
| 245 | 0 |
_aDesarrollo de nuevos productos y empresas: _bcreatividad, innovación y marketing |
|
| 260 | _c2009 | ||
| 300 |
_a409 pƔginas : _c23 cm. |
||
| 650 | _aGEN | ||
| 654 | _aCAN | ||
| 942 |
_cLIB _dJUS _fJUS _2ddc _n |
||
| 999 |
_c18973 _d18973 |
||